Ładuje się......

Mathematical Economics

Opis bibliograficzny
1. autor: Takayama Akira
Format: Printed Book
Język:English
Wydane: Hinsdalee: The Dryden, 1974.
Wydanie:Ist Edition.
Hasła przedmiotowe:
LEADER 00681nam a22001934a 4500
008 150317n ii |||gr||||Z||||||eng
020 |a 0-03-086653-7 
041 |a eng 
082 |a 330.015 TAK 
100 |a Takayama Akira. 
245 |a Mathematical Economics  |h Textual Documents 
250 |a Ist Edition. 
260 |a Hinsdalee:  |b The Dryden,  |c 1974. 
300 |a XXIII, 744:  |e 06108. 
630 |a Mathematical Economics-Stastistics. The Theory of Competitive Markets, The Stability of Competitive Equilibrium. 
852 |t 1  |p STA06108  |a Shelf 5  |f 00000 
942 |c BK 
999 |c 217427  |d 217427 
952 |0 0  |1 0  |4 0  |7 0  |9 231569  |a STA  |b STA  |d 2019-12-11  |l 0  |p STA06108  |r 2019-12-11  |t 1  |w 2019-12-11  |y BK